00769nam a22002057a 4500003000900000005001700009008004100026040002800067082002000095100004100115245007000156260004700226300002700273504005200300650001400352700004000366942001200406999001700418952012800435DO-CoUTE20260414130948.0260414b dr ||||| |||| 00| 0 spa d aDO-CoUTEbspacDO-CoUTE 2RD 616.856H431R1 aHernández Polanco, Rafael eAutor 10aFundamentos anestesiología / cDr. Rafael Hernández Polanco  aRepublica Dominicana bMediabyte S.Ac2002 a296 Paginas : c23cm,  aIncluye referencia bibliográfica e índice.  4amedicina 1 aRafael Hernández Polanco eautor  2ddccBK c24102d24102 00102ddc40708RDaBUbBUcGENd2026-04-14i023686l0oRD 616.856H431fp023686r2026-04-14 13:11:23tEj.1w2026-04-14yBK